Child and adolescent therapy : (رقم التسجيلة. 31734)
[ عرض عادي ]
| 000 -الفاتح | |
|---|---|
| حقل البيانات ثابتة الطول | 01485cam a22003494a 4500 |
| 001 - رقم الضبط | |
| رقم الضبط | 13915352 |
| 003 - محدد رقم الضبط | |
| رقم الضبط | OSt |
| 005 - وقت وتاريخ اخر تعامل مع التسجيلة | |
| رقم الضبط | 20150408114148.0 |
| 008 - عناصر البيانات ثابتة الطول - معلومات عامة | |
| حقل البيانات ثابتة الطول | 050330s2006 njua b 000 0 eng |
| 010 ## - رقم ضبط مكتبة الكونجرس | |
| رقم ضبط مكتبة الكونجرس | 2005047032 |
| 020 ## - الرقم الدولى المعيارى للكتب | |
| الرقم الدولى المعيارى للكتاب | 0471386375 (cloth) |
| 020 ## - الرقم الدولى المعيارى للكتب | |
| الرقم الدولى المعيارى للكتاب | 9780471386377 |
| 040 ## - مصدر الفهرسة | |
| وكالة الفهرسة الأصلية | DLC |
| وكالة النسخ | DLC |
| وكالة التعديل | DLC |
| 042 ## - رمز التحقق | |
| رمز التحقق | pcc |
| 050 00 - رقم طلب مكتبة الكونجرس | |
| رقم التصنيف | RJ504 |
| رقم المادة | .S516 2006 |
| 082 00 - رقم تصنيف ديوى العشرى | |
| رقم التصنيف | 618.928914 |
| رقم الطبعة | 22 |
| رقم المادة | SJC |
| 100 1# - المدخل الرئيسى - إسم شخصى | |
| الإسم الشخصى | Shapiro, Jeremy P. |
| 9 (RLIN) | 39014 |
| 245 10 - بيان العنوان | |
| العنوان | Child and adolescent therapy : |
| بقية العنوان | science and art / |
| بيان المسئوليه,etc | by Jeremy P. Shapiro, Robert D. Friedberg, Karen K. Bardenstein. |
| 260 ## - PUBLICATION, DISTRIBUTION, ETC. (IMPRINT) | |
| مكان الناشر او الموزع | Hoboken, NJ : |
| اسم الناشر او الموزع | J. Wiley, |
| تاريخ النشر أو التوزيع | c2006. |
| 300 ## - الوصف المادى | |
| التعداد | xiii, 605 p. : |
| تفاصيل ماديه اخرى للوعاء | ill. ; |
| أبعاد الوعاء | 26 cm. |
| 504 ## - تبصرة ببليوجرافية | |
| تبصرة ببليوجرافية,الخ | Includes bibliographical references (p. 519-581) and indexes. |
| 650 #0 - المدخل الاضافى بالموضوع-مصطلح موضوعى | |
| مصطلح موضوعي أو اسم جغرافي كعنصر مدخل | Child psychotherapy. |
| 9 (RLIN) | 38732 |
| 650 #0 - المدخل الاضافى بالموضوع-مصطلح موضوعى | |
| مصطلح موضوعي أو اسم جغرافي كعنصر مدخل | Adolescent psychotherapy. |
| 9 (RLIN) | 39015 |
| 700 1# - المدخل الاضافى - اسم شخصى | |
| الإسم الشخصى | Friedberg, Robert D., |
| التواريخ المصاحبة للاسم | 1955- |
| 9 (RLIN) | 39016 |
| 700 1# - المدخل الاضافى - اسم شخصى | |
| الإسم الشخصى | Bardenstein, Karen K. |
| 9 (RLIN) | 39017 |
| 856 42 - الوصول و الموقع الالكترونى | |
| مواد محددة | Contributor biographical information |
| معرف المصدر الموحد | <a href="http://www.loc.gov/catdir/enhancements/fy0624/2005047032-b.html">http://www.loc.gov/catdir/enhancements/fy0624/2005047032-b.html</a> |
| 856 42 - الوصول و الموقع الالكترونى | |
| مواد محددة | Publisher description |
| معرف المصدر الموحد | <a href="http://www.loc.gov/catdir/enhancements/fy0624/2005047032-d.html">http://www.loc.gov/catdir/enhancements/fy0624/2005047032-d.html</a> |
| 856 41 - الوصول و الموقع الالكترونى | |
| مواد محددة | Table of contents only |
| معرف المصدر الموحد | <a href="http://www.loc.gov/catdir/enhancements/fy0624/2005047032-t.html">http://www.loc.gov/catdir/enhancements/fy0624/2005047032-t.html</a> |
| 906 ## - عنصر بيانات محلى F, LDF (RLIN) | |
| a | 7 |
| b | cbc |
| c | orignew |
| d | 1 |
| e | ocip |
| f | 20 |
| g | y-gencatlg |
| 942 ## - عناصر المدخل الإضافي( كوها) | |
| مصدر التصنيف او مخطط الترفيف | Dewey Decimal Classification |
| Koha [default] item type | كتاب |
| حالة الفقد | نموذج السعر الفعال | حالة تلف | ليس للاعارة | رقم الطلب | تاريخ الاكتساب | الموقع الحالي | الباركود | الفرع الرئيسي | Date last seen | نوع المادة فى نظام كوها | مصدر التصنيف او خطة الترفيف | Total Checkouts |
|---|---|---|---|---|---|---|---|---|---|---|---|---|
| 2013-11-02 | 618.928914 SJC | 2013-11-02 | المكتبة المركزية بالمجمعة (CL) | 00403849 | المكتبة المركزية بالمجمعة (CL) | 2013-11-02 | كتاب | Dewey Decimal Classification | ||||
| 2013-11-02 | 618.928914 SJC | 2013-11-02 | المكتبة المركزية بالمجمعة (CL) | 00403850 | المكتبة المركزية بالمجمعة (CL) | 2013-11-02 | كتاب | Dewey Decimal Classification | ||||
| 2013-11-02 | 618.928914 SJC | 2013-11-02 | المكتبة المركزية بالمجمعة (CL) | 00403851 | المكتبة المركزية بالمجمعة (CL) | 2013-11-02 | كتاب | Dewey Decimal Classification | ||||
| 2013-11-02 | 618.928914 SJC | 2013-11-02 | مكتبة مجمع الكليات بالزلفى - طلاب (SZM) | 00403852 | مكتبة مجمع الكليات بالزلفى - طلاب (SZM) | 2013-11-02 | كتاب | Dewey Decimal Classification | ||||
| 2013-11-02 | 618.928914 SJC | 2013-11-02 | مكتبة مجمع الكليات بالزلفى - طلاب (SZM) | 00403853 | مكتبة مجمع الكليات بالزلفى - طلاب (SZM) | 2013-11-02 | كتاب | Dewey Decimal Classification |
